Arsenal F.C. Honours - Statistics

General Stats
  • This quiz has been taken 11 times
  • The average score is 43 of 49
Answer Stats
Hint Answer % Correct
1930 Community Shield
100%
1931 Community Shield
100%
1933 Community Shield
100%
1934 Community Shield
100%
1938 Community Shield
100%
1948 Community Shield
100%
1953 Community Shield
100%
1991 Community Shield
100%
1998 Community Shield
100%
1999 Community Shield
100%
2002 Community Shield
100%
2004 Community Shield
100%
2014 Community Shield
100%
2015 Community Shield
100%
2017 Community Shield
100%
2020 Community Shield
100%
2023 Community Shield
100%
1929-30 FA Cup
100%
1935-36 FA Cup
100%
1949-50 FA Cup
100%
1970-71 FA Cup
100%
1978-79 FA Cup
100%
1992-93 FA Cup
100%
1997-98 FA Cup
100%
2001-02 FA Cup
100%
2002-03 FA Cup
100%
2004-05 FA Cup
100%
2013-14 FA Cup
100%
2014-15 FA Cup
100%
2016-17 FA Cup
100%
2019-20 FA Cup
100%
1997-98 Premier League
100%
2001-02 Premier League
100%
2003-04 Premier League
100%
1986-87 League Cup
80%
1992-93 League Cup
80%
1930-31 First Division
70%
1932-33 First Division
70%
1933-34 First Division
70%
1934-35 First Division
70%
1937-38 First Division
70%
1947-48 First Division
70%
1952-53 First Division
70%
1970-71 First Division
70%
1988-89 First Division
70%
1990-91 First Division
70%
1993-94 UEFA Cup Winners Cup
40%
1988 Football League Centenary Trophy
0%
1969-70 Inter-Cities Fairs Cup
0%
No matching quizzes found
Score Distribution
Percent of People with Each Score
Percentile by Number Answered
Your Score History
You have not taken this quiz